<?xml version="1.0" encoding="UTF-8"?>
<record
    xmlns:xsi="http://www.w3.org/2001/XMLSchema-instance"
    xsi:schemaLocation="http://www.loc.gov/MARC21/slim http://www.loc.gov/standards/marcxml/schema/MARC21slim.xsd"
    xmlns="http://www.loc.gov/MARC21/slim">

  <leader>01460nam a2200193 a 4500</leader>
  <controlfield tag="008">161215e2000    ag  |||g |||| 00| f spa d</controlfield>
  <datafield tag="020" ind1=" " ind2=" ">
    <subfield code="a">9500718863</subfield>
  </datafield>
  <datafield tag="041" ind1=" " ind2=" ">
    <subfield code="a">spa</subfield>
  </datafield>
  <datafield tag="092" ind1=" " ind2=" ">
    <subfield code="c">808</subfield>
    <subfield code="l">3</subfield>
    <subfield code="s">ALL</subfield>
  </datafield>
  <datafield tag="100" ind1="1" ind2=" ">
    <subfield code="a">Allende, Isabel</subfield>
    <subfield code="9">3210</subfield>
  </datafield>
  <datafield tag="245" ind1=" " ind2=" ">
    <subfield code="a">Retrato en sepia /</subfield>
    <subfield code="c">Isabel Allende</subfield>
  </datafield>
  <datafield tag="250" ind1=" " ind2=" ">
    <subfield code="a">1a ed.</subfield>
  </datafield>
  <datafield tag="260" ind1=" " ind2=" ">
    <subfield code="a">Buenos Aires:</subfield>
    <subfield code="b">Sudamericana;</subfield>
    <subfield code="c">2000.</subfield>
  </datafield>
  <datafield tag="300" ind1=" " ind2=" ">
    <subfield code="a">344 p.</subfield>
  </datafield>
  <datafield tag="500" ind1=" " ind2=" ">
    <subfield code="a">Allende, I. (2000). Retrato en sepia. (1a ed.). Buenos Aires : Sudamericana.</subfield>
  </datafield>
  <datafield tag="505" ind1=" " ind2=" ">
    <subfield code="a">Narrada en la voz de una joven mujer, &#xE9;sta es una magn&#xED;fica novela hist&#xF3;rica, situada a finales del siglo XIX en Chile, y una portentosa saga familiar en la que reencontramos algunos personajes de Hija de la fortuna y de La casa de los esp&#xED;ritus, novelas cumbres en la obra de Isabel Allende. El tema principal es la memoria y los secretos de familia. La protagonista, Aurora del Valle, sufre una trauma brutal que determina su car&#xE1;cter y borra de su mente los primeros cinco a&#xF1;os de su vida. Criada por su ambiciosa abuela, Paulina del Valle, crece en un ambiente privilegiado, libre de muchas de las limitaciones que oprimen a las mujeres de su &#xE9;poca, pero atormentada por horribles pesadillas. Cuando debe afrontar la traici&#xF3;n del hombre que ama y la soledad, decide explorar el misterio de su pasado. Una obra de extraordinaria dimensi&#xF3;n humana que eleva la narrativa de la autora a cotas de perfecci&#xF3;n literaria. </subfield>
  </datafield>
  <datafield tag="655" ind1=" " ind2=" ">
    <subfield code="a">Novela</subfield>
    <subfield code="9">3091</subfield>
  </datafield>
  <datafield tag="942" ind1=" " ind2=" ">
    <subfield code="2">ddc</subfield>
    <subfield code="c">LIT</subfield>
  </datafield>
  <datafield tag="999" ind1=" " ind2=" ">
    <subfield code="c">3294</subfield>
    <subfield code="d">3294</subfield>
  </datafield>
  <datafield tag="952" ind1=" " ind2=" ">
    <subfield code="0">0</subfield>
    <subfield code="1">0</subfield>
    <subfield code="2">ddc</subfield>
    <subfield code="4">0</subfield>
    <subfield code="7">0</subfield>
    <subfield code="a">BFM</subfield>
    <subfield code="b">BFM</subfield>
    <subfield code="c">CR</subfield>
    <subfield code="d">2025-07-25</subfield>
    <subfield code="e">Donaci&#xF3;n Guerra, Valeria. Julio 2025.</subfield>
    <subfield code="l">0</subfield>
    <subfield code="o">808 3 ALL</subfield>
    <subfield code="p">5069</subfield>
    <subfield code="r">2025-07-28</subfield>
    <subfield code="t">Ej. 1</subfield>
    <subfield code="w">2025-07-28</subfield>
    <subfield code="y">LIT</subfield>
    <subfield code="z">Donaci&#xF3;n Guerra, Valeria. Julio 2025. Sede Tordos.</subfield>
    <subfield code="f"></subfield>
  </datafield>
</record>
